01332nam a22002057a 4500003000400000020001800004082001600022100001900038245002500057250000900082260002900091300000800120650002500128653048000153942001600633952015900649952015900808952014400967999001501111SGT a9788131734483 a621.381,FLO aFLOYD,THOMAS L aDIGITAL FUNDAMENTALS a10TH aNEW DELHIbPEARSONc2013 a659 aELECTRONICS, PHYSICS a 1. INTRODUCTORY CONCEPTS 2. NUMBER SYSTEMS, OPERATIONS, AND CODES 3. LOGIC GATES 4. BOOLEAN ALGEBRA AND LOGIC SIMPLIFICATION 5. COMBINATIONAL LOGIC ANALYSIS 6. FUNCTIONS OF COMBINATIONAL LOGIC 7. LATCHES AND FLIP-FLOPS 8. COUNTERS 9. SHIFT REGISTERS 10. MEMORY AND STORAGE 11. PROGRAMMABLE LOGIC AND SOFTWARE 12. INTEGRATED CIRCUIT TECHNOLOGIES APPENDIX A: KARNAUGH MAP POS MINIMIZATION APPENDIX B: THE QUINE-MCCLUSKEY METHOD ANSWERS TO ODD-NUMBERED PROBLEMS GLOSSARY INDEX 2ddccFPS02 00102ddc40708FSaSSSLbSSSLcTXTd2016-09-09eAHUJA BOOKg759.00iSGTUl3o621.381,FLOpPS2300r2022-09-01 00:00:00s2022-08-18w2016-08-08yFPSk7132 00102ddc40708FSaSSSLbSSSLcTXTd2016-09-09eAHUJA BOOKg759.00iSGTUl1o621.381,FLOpPS2301r2020-03-13 00:00:00s2020-01-14w2016-08-08yFPSk7132 00102ddc40718FSaSSSLbSSSLcREFd2016-09-09eAHUJA BOOKg759.00iSGTUo621.381,FLOpPS2302r2016-09-09 00:00:00w2016-08-08yFPSk7132 c9886d9886